Délmagyarország. - 2003. augusztus 21., Csütörtök

Elmentve itt :
Bibliográfiai részletek
Dokumentumtípus: Újság
Megjelent: 2003-08-21
Sorozat:Délmagyarország 93 No. 194
Online Access:http://dmarchiv.bibl.u-szeged.hu/28249
LEADER 00496nas a2200145 i 4500
001 delm28249
005 20200415084509.0
008 171218s2003 hu n o 0|| hun d
022 |a 0133-025X 
040 |a SZTE Délmagyarország Archívum  |b hun 
041 |a hun 
245 0 0 |a Délmagyarország. - 2003. augusztus 21., Csütörtök  |h [elektronikus dokumentum] 
260 |c 2003-08-21 
490 0 |a Délmagyarország  |v 93 No. 194 
856 4 0 |u http://dmarchiv.bibl.u-szeged.hu/28249/1/dm_2003_194.pdf  |z Dokumentum-elérés